Reprezentacje Mistrzostw Świata 2022 po kapitanie - Statystyki

Ogólne statystyki
  • Ten quiz został rozwiązany 300 razy
  • Średni wynik to 24 z 32
Statystyki odpowiedzi
Kapitan Reprezentacja % Poprawnych
Hugo Lloris Francja
95%
Eden Hazard Belgia
93%
Lionel Messi Argentyna
92%
Virgil van Dijk Holandia
91%
Robert Lewandowski Polska
91%
Cristiano Ronaldo Portugalia
91%
Harry Kane Anglia
89%
Luka Modrić Chorwacja
89%
Son Heung-Min Korea Południowa
88%
Manuel Neuer Niemcy
88%
Gareth Bale Walia
86%
Sergio Busquets Hiszpania
83%
Thiago Silva Brazylia
81%
Dusan Tadić Serbia
81%
Christian Pulisic Stany Zjednoczone
81%
Maya Yoshida Japonia
78%
Granit Xhaka Szwajcaria
78%
Salman Al-Faraj Arabia Saudyjska
77%
Kalidou Koulibaly Senegal
73%
Simon Kjaer Dania
72%
Enner Valencia Ekwador
72%
Diego Godín Urugwaj
72%
Hassan Al-Haidos Katar
68%
Mathew Ryan Australia
67%
Andres Guardado Meksyk
60%
Vincent Aboubakar Kamerun
59%
Andre Ayew Ghana
58%
Romain Saiss Maroko
57%
Ehsan Hajsafi Iran
52%
Atiba Hutchinson Kanada
51%
Youssef Msakni Tunezja
51%
Bryan Ruiz Kostaryka
47%
Nie znaleziono quizów pasujących do podanych kryteriów
Rozkład punktacji
Procent ludzi z każdym wynikiem
Percentyl według liczby udzielonych odpowiedzi
Twoja historia wyników
Nie rozwiązałeś tego quizu